Concentration camp and ghetto mail system under the Nazi regime (Record no. 2251)

000 -LEADER
fixed length control field 00776nam a22000977a 4500
008 - FIXED-LENGTH DATA ELEMENTS--GENERAL INFORMATION
fixed length control field 170211b xxu||||| |||| 00| 0 eng d
100 ## - MAIN ENTRY--AUTHOR'S NAME
Author's Name Kahn, Henry
245 ## - TITLE STATEMENT
Title Concentration camp and ghetto mail system under the Nazi regime
260 ## - PUBLICATION, DISTRIBUTION, ETC. (IMPRINT)
Place of publication, distribution, etc. Rockaway Park, N.Y.
Name of publisher, distributor, etc. Judaica Historical Philatelic Society
Date of publication, distribution, etc. 1966
650 ## - TOPICAL TERM (Tag)
Topical term or geographic name Germany | 1933-1945 | Prisoner-of-War and Internee Mail | Ghetto Mail | Ghettos | Censored Mail | World War II, 1939-1945 | Postal History | Covers | Postal Markings | Postal Service | Postal Stationery | Postal Laws and Regulations | Germany -- Occupation of Bohemia and Moravia | Czechoslovakia | Bohemia and Moravia | Theresienstadt | Terezin | Seals and Labels | Cinderella Material | Poland | Austria | France | Netherlands | Italy | Latvia | Estonia | Europe
Holdings
Withdrawn status Lost status Source of classification or shelving scheme Damaged status Koha normalized classification for sorting Not for loan Permanent Location Current Location Shelving location Date acquired Total Checkouts Full call number Barcode Date last seen Copy number Price effective from
        G6081 P959 K12   Northern Philatelic Library Northern Philatelic Library General Stacks 02/11/2017   G6081 P959 K12 1002666 02/11/2017 1 02/11/2017

Powered by Koha